| 000 | 00998nam a2200277 i 4500 | ||
|---|---|---|---|
| 001 | bg | ||
| 003 | BPK | ||
| 005 | 20190722100436.0 | ||
| 008 | 080311s1967 pl a f f 001 0 pol | ||
| 015 | _aPB 1967/8763 | ||
| 040 |
_aWA N _cBPK |
||
| 080 | _a621 | ||
| 100 | 1 |
_aKorewa, Witold _d(1899-1976). _eAutor |
|
| 245 | 1 | 0 |
_aPodstawy konstrukcji maszyn. _nCz. 2 / _cWitold Korewa, Kazimierz Zygmunt. |
| 250 | _aWyd. 2. | ||
| 260 |
_aWarszawa : _bWydawnictwa Naukowo-Techniczne, _c1967. |
||
| 300 |
_a497, [3] s., [1] k. tabl. : _bil. ; _c25 cm. |
||
| 504 | _aBibliogr. przy rozdz. Indeks. | ||
| 521 | 8 | _aDla studentów i konstruktorów. | |
| 650 | 4 |
_aMaszyny _xbudowa i konstrukcje. |
|
| 655 | 4 | _aPodręczniki akademickie | |
| 700 | 1 |
_aZygmunt, Kazimierz _d(1918-1970). _eAutor |
|
| 710 | 2 |
_aWydawnictwa Naukowo-Techniczne _4pbl. |
|
| 856 |
_uhttp://koha.tu.koszalin.pl/cgi-bin/koha/opac-detail.pl?biblionumber=10735 _yKatalog online BPK |
||
| 942 |
_2UKD _cKS |
||
| 999 |
_c10735 _d10735 |
||